<?xml version="1.0" encoding="UTF-8"?>
<record
    xmlns:xsi="http://www.w3.org/2001/XMLSchema-instance"
    xsi:schemaLocation="http://www.loc.gov/MARC21/slim http://www.loc.gov/standards/marcxml/schema/MARC21slim.xsd"
    xmlns="http://www.loc.gov/MARC21/slim">

  <leader>01227nam a2200229Ia 4500</leader>
  <datafield tag="999" ind1=" " ind2=" ">
    <subfield code="c">39193</subfield>
    <subfield code="d">39193</subfield>
  </datafield>
  <controlfield tag="001">5778</controlfield>
  <controlfield tag="003">GE_BSU</controlfield>
  <controlfield tag="005">20190510161206.0</controlfield>
  <controlfield tag="008">181216s1961||||ge |||||||||||||| ||geo||</controlfield>
  <datafield tag="040" ind1=" " ind2=" ">
    <subfield code="c">GE_BSU</subfield>
  </datafield>
  <datafield tag="041" ind1=" " ind2=" ">
    <subfield code="a">geo</subfield>
  </datafield>
  <datafield tag="080" ind1=" " ind2=" ">
    <subfield code="a">664.143(075.8) &#x10E0;-12</subfield>
  </datafield>
  <datafield tag="100" ind1=" " ind2=" ">
    <subfield code="a"> &#x10E0;&#x10D0;&#x10DE;&#x10DD;&#x10DE;&#x10DD;&#x10E0;&#x10E2;&#x10D8;, &#x10D0;. </subfield>
    <subfield code="9">980</subfield>
  </datafield>
  <datafield tag="245" ind1=" " ind2=" ">
    <subfield code="a">&#x10E1;&#x10D0;&#x10D9;&#x10DD;&#x10DC;&#x10D3;&#x10D8;&#x10E2;&#x10E0;&#x10DD; &#x10EC;&#x10D0;&#x10E0;&#x10DB;&#x10DD;&#x10D4;&#x10D1;&#x10D8;&#x10E1; &#x10E2;&#x10D4;&#x10E5;&#x10DC;&#x10DD;&#x10DA;&#x10DD;&#x10D2;&#x10D8;&#x10D0;  I &#x10DC;&#x10D0;&#x10EC;&#x10D8;&#x10DA;&#x10D8; :</subfield>
    <subfield code="b">&#x10E1;&#x10D0;&#x10EE;&#x10D4;&#x10DA;&#x10DB;&#x10EB;&#x10E6;&#x10D5;. /</subfield>
    <subfield code="c">&#x10D0;. &#x10E0;&#x10D0;&#x10DE;&#x10DD;&#x10DE;&#x10DD;&#x10E0;&#x10E2;&#x10D8;, &#x10DA;. &#x10E1;&#x10DD;&#x10E1;&#x10DC;&#x10DD;&#x10D5;&#x10E1;&#x10D9;&#x10D8; ; &#x10D0;. &#x10E0;&#x10D0;&#x10DE;&#x10DD;&#x10DE;&#x10DD;&#x10E0;&#x10E2;&#x10D8;&#x10E1; &#x10E1;&#x10D0;&#x10D4;&#x10E0;&#x10D7;&#x10DD; &#x10E0;&#x10D4;&#x10D3;&#x10D0;&#x10E5;&#x10EA;&#x10D8;&#x10D8;&#x10D7; ; &#x10DB;&#x10D7;&#x10D0;&#x10E0;&#x10D2;&#x10DB;. &#x10D0;&#x10DA;.&#x10D7;&#x10D0;&#x10E0;&#x10EE;&#x10DC;&#x10D8;&#x10E8;&#x10D5;&#x10D8;&#x10DA;&#x10D8; ; &#x10E0;&#x10D4;&#x10D3;. &#x10D5;.&#x10D2;&#x10D8;&#x10DD;&#x10E8;&#x10D5;&#x10D8;&#x10DA;&#x10D8;.</subfield>
  </datafield>
  <datafield tag="264" ind1=" " ind2=" ">
    <subfield code="a">&#x10D7;&#x10D1;&#x10D8;&#x10DA;&#x10D8;&#x10E1;&#x10D8; :</subfield>
    <subfield code="b">&#x10E1;&#x10DE;&#x10D8;,</subfield>
    <subfield code="c">1961.</subfield>
  </datafield>
  <datafield tag="300" ind1=" " ind2=" ">
    <subfield code="a">466 &#x10D2;&#x10D5;. :</subfield>
    <subfield code="b">&#x10D8;&#x10DA;. ;</subfield>
    <subfield code="c">20 &#x10E1;&#x10DB;.</subfield>
  </datafield>
  <datafield tag="653" ind1=" " ind2=" ">
    <subfield code="a">&#x10E1;&#x10D0;&#x10D9;&#x10DD;&#x10DC;&#x10D3;&#x10D8;&#x10E2;&#x10E0;&#x10DD; &#x10EC;&#x10D0;&#x10E0;&#x10DB;&#x10DD;&#x10D4;&#x10D1;&#x10D8;&#x10E1; &#x10E2;&#x10D4;&#x10E5;&#x10DC;&#x10DD;&#x10DA;&#x10DD;&#x10D2;&#x10D8;&#x10D0;</subfield>
  </datafield>
  <datafield tag="700" ind1=" " ind2=" ">
    <subfield code="a"> &#x10E1;&#x10DD;&#x10E1;&#x10DC;&#x10DD;&#x10D5;&#x10E1;&#x10D9;&#x10D8;, &#x10DA;.</subfield>
    <subfield code="e">&#x10D0;&#x10D5;&#x10E2;&#x10DD;&#x10E0;&#x10D8;</subfield>
    <subfield code="9">981</subfield>
  </datafield>
  <datafield tag="700" ind1=" " ind2=" ">
    <subfield code="a">&#x10D2;&#x10D8;&#x10DD;&#x10E8;&#x10D5;&#x10D8;&#x10DA;&#x10D8;, &#x10D5;.</subfield>
    <subfield code="e">&#x10E0;&#x10D4;&#x10D3;&#x10D0;&#x10E5;&#x10E2;&#x10DD;&#x10E0;&#x10D8;</subfield>
    <subfield code="9">982</subfield>
  </datafield>
  <datafield tag="700" ind1=" " ind2=" ">
    <subfield code="a">&#x10D7;&#x10D0;&#x10E0;&#x10EE;&#x10DC;&#x10D8;&#x10E8;&#x10D5;&#x10D8;&#x10DA;&#x10D8;, &#x10D0;&#x10DA;.</subfield>
    <subfield code="e">&#x10DB;&#x10D7;&#x10D0;&#x10E0;&#x10D2;&#x10DB;&#x10DC;&#x10D4;&#x10DA;&#x10D8;</subfield>
    <subfield code="9">983</subfield>
  </datafield>
  <datafield tag="942" ind1=" " ind2=" ">
    <subfield code="c">BK</subfield>
    <subfield code="2">udc</subfield>
  </datafield>
  <datafield tag="952" ind1=" " ind2=" ">
    <subfield code="0">0</subfield>
    <subfield code="1">0</subfield>
    <subfield code="2">udc</subfield>
    <subfield code="4">0</subfield>
    <subfield code="6">6641430758_&#x10E0;12</subfield>
    <subfield code="7">0</subfield>
    <subfield code="9">41912</subfield>
    <subfield code="a">SPL</subfield>
    <subfield code="b">SPL</subfield>
    <subfield code="c">GEN</subfield>
    <subfield code="d">2018-12-17</subfield>
    <subfield code="g">2.48</subfield>
    <subfield code="o">664.143(075.8) &#x10E0;-12</subfield>
    <subfield code="p">11803</subfield>
    <subfield code="r">2018-12-17</subfield>
    <subfield code="t">11803</subfield>
    <subfield code="w">2018-12-17</subfield>
    <subfield code="y">BK</subfield>
    <subfield code="z">2.48 &#x10DA;.</subfield>
  </datafield>
  <datafield tag="952" ind1=" " ind2=" ">
    <subfield code="0">0</subfield>
    <subfield code="1">0</subfield>
    <subfield code="2">udc</subfield>
    <subfield code="4">0</subfield>
    <subfield code="6">6641430758_&#x10E0;12</subfield>
    <subfield code="7">0</subfield>
    <subfield code="9">41913</subfield>
    <subfield code="a">SPL</subfield>
    <subfield code="b">SPL</subfield>
    <subfield code="c">GEN</subfield>
    <subfield code="d">2018-12-17</subfield>
    <subfield code="g">2.48</subfield>
    <subfield code="o">664.143(075.8) &#x10E0;-12</subfield>
    <subfield code="p">11804</subfield>
    <subfield code="r">2018-12-17</subfield>
    <subfield code="t">11804</subfield>
    <subfield code="w">2018-12-17</subfield>
    <subfield code="y">BK</subfield>
    <subfield code="z">2.48 &#x10DA;.</subfield>
  </datafield>
  <datafield tag="952" ind1=" " ind2=" ">
    <subfield code="0">0</subfield>
    <subfield code="1">0</subfield>
    <subfield code="2">udc</subfield>
    <subfield code="4">0</subfield>
    <subfield code="6">6641430758_&#x10E0;12</subfield>
    <subfield code="7">0</subfield>
    <subfield code="9">41914</subfield>
    <subfield code="a">SPL</subfield>
    <subfield code="b">SPL</subfield>
    <subfield code="c">CART</subfield>
    <subfield code="d">2018-12-17</subfield>
    <subfield code="g">2.48</subfield>
    <subfield code="o">664.143(075.8) &#x10E0;-12</subfield>
    <subfield code="p">11805</subfield>
    <subfield code="r">2018-12-17</subfield>
    <subfield code="t">11805</subfield>
    <subfield code="w">2018-12-17</subfield>
    <subfield code="y">BK</subfield>
    <subfield code="z">2.48 &#x10DA;.</subfield>
  </datafield>
</record>
